000 01139nam a2200253 i 4500
001 12490
003 ES-MaACL
005 20250808230400.0
008 901018s1988 sp |||| | spa j
020 _a84-235-0840-4
080 _a352/353(465.1)(091)
100 1 _aLoperena Rota, Demetrio.
_973286
245 1 0 _aDerecho histórico y régimen local de Navarra
_b: alcance institucional y competencial de la disposición adicional primera de la Constitución Española /
_cDemetrio Loperena Rota ; prólogo de Tomás Ramón Fernández Rodríguez.
260 _aPamplona :
_bDepartamento de Presidencia e Interior,
_cD.L. 1988.
300 _a391 p. ;
_c24 cm.
504 _aBibliografía: p. 373-391.
650 4 _aDerecho constitucional-
_zEspaña
_911682
650 0 4 _aFueros-
_zNavarra (Comunidad Autónoma)
_912993
650 4 _aAdministración local-
_xDerecho y legislación-
_zNavarra (Comunidad Autónoma)
_9169412
700 1 _aFernández, Tomás-Ramón.
_949432
710 1 _aNavarra (Comunidad Autónoma).
_bDepartamento de Presidencia e Interior.
_95982
852 _aES-MaACL
_jL-19699
999 _c12490
_d12490